All the Cookie Clicker Buildings - Statistics

General Stats
  • This quiz has been taken 55 times
  • The average score is 13 of 20
Answer Stats
Answer % Correct
Grandma
98%
Cursor
95%
Farm
93%
Bank
86%
Mine
86%
Factory
77%
Temple
77%
Wizard Tower
74%
Portal
72%
You
72%
Time Machine
67%
Shipment
65%
Prism
58%
Alchemy Lab
56%
Antimatter Condenser
49%
Chancemaker
42%
Idleverse
42%
Cortex Baker
40%
Javascript Console
40%
Fractal Engine
37%
No matching quizzes found
Score Distribution
Percent of People with Each Score
Percentile by Number Answered
Your Score History
You have not taken this quiz